000 00965nam a22002177a 4500
999 _c4037
_d4037
003 AR-CdUCM
008 190307b ||||| |||| 00| 0 spa d
020 _a84-89292-77-9
040 _aMUNICIPALIDAD PROVINCIAL DEL CUSCO
_cBIBLIOTECA MUNICIPAL DEL CUSCO
082 _a279.85 /
_bK59
100 _aKlaiber S. J., Jeffrey
_912868
245 _aLa iglesia en el Perú :
_bSu historia social desde la Independencia /
260 _aLima :
_bPontificia Universidad Católica del Perú,
_c1987.
300 _a530 páginas ;
_c20 cm.
505 _aContenido: Una visión panorámica -- Una iglesia en crisis -- La iglesia militante -- El resurgimiento de la vida Religiosa: pastores, misioneros y hospitalarios -- El resurgimiento de la vida: las congregaciones docentes -- La iglesia en el campo -- El laicado militante, 1930-1955 ...
650 _aIglesia Católica
_93151
650 _aHistoria
_9136
650 _aPerú
_935
942 _2ddc
_cLIBROS
945 _aachl